The anthropology of self and behavior
Αποθηκεύτηκε σε:
| Κύριος συγγραφέας: | |
|---|---|
| Μορφή: | Βιβλίο |
| Γλώσσα: | English |
| Δημοσίευση: |
New Brunswick :
Rutdgers University Press,
1992
|
| Θέματα: | |
| Ετικέτες: |
Προσθήκη ετικέτας
Δεν υπάρχουν, Καταχωρήστε ετικέτα πρώτοι!
|
MARC
| LEADER | 00000cam a2200000 i 4500 | ||
|---|---|---|---|
| 001 | 1/60986 | ||
| 008 | 930908s eng d | ||
| 020 | |a 0-8135-1762-1 | ||
| 035 | |a ΛΕΣΒΟΣb10000779 |l 10000779 | ||
| 040 | |a GR-MY-UA |b gre |e aacr | ||
| 041 | 0 | |a eng | |
| 082 | 0 | |a 155.8 | |
| 100 | 1 | |a Erchak, Gerald Michael. | |
| 245 | 1 | 4 | |a The anthropology of self and behavior / |c Gerald M. Erchak |
| 260 | |a New Brunswick : |b Rutdgers University Press, |c 1992 | ||
| 300 | |a 210 p.; |c 21,30 cm. | ||
| 504 | |a Includes bibliographical references and index | ||
| 650 | 0 | 0 | |a Ethnopsychology. |
| 852 | |a INST |b LESVOS |e 19930908 |h 155.8 ERC |p 005100017832 |q 005100017832 |t BK |y 12 | ||
| 909 | |a Λ |b 027670 | ||